00625nam a2200193Ia 4500008004100000020001800041082001500059100001800074245003500092250000900127260004200136300002300178500001900201600003300220650001600253942000700269952013800276999001700414240925s9999 xx 000 0 und d a9788126556403 a515.15 ANT aAnton, Howard 0aCalculus: Late Transcendentals a10th aNew Delhi:bJohn Wiley & Sonsc,2016. a932p.b0fOriginal aIncludes Index aHumanities & Natural Science aMathematics cBK 001040708ETaUITUbUITUd2018-02-22eBook World Internationalg1379.80l0o515.15 ANTpQ11518r2024-09-25 07:16:06w2024-09-25yBK c14017d14017